000 01013nam a2200253Ia 4500
008 130821s2012 xxua gr eng
020 _a9780470146842
040 _aCo-BoUCM
_bspa
041 0 0 _aeng
060 _aQU 4
245 0 0 _aBiochemical pathways an atlas of biochemistry and molecular biology
_ceditado por Dietmar Schomburg, Gerhard Michal
250 _a2nd ed.
260 _aHoboken (Nueva Jersey, Estados Unidos)
_bJohn Wiley & Sons
_c2012
300 _axi, 398 páginas
_bgráficas
504 _aIncluye referencias bibliográficas e índice.
650 0 4 _aBiología molecular
_910131
650 0 4 _aBioquímica
_910154
650 0 4 _aBioquímica
_vAtlas
_910154
650 0 4 _aMetabolismo
_vAtlas
_990798
700 1 _aMichal, Gerhard
_eeditor.
_9161043
700 1 _aSchomburg, D.
_q(Dietmar)
_eeditor.
_9161044
856 4 _zConsulte las tablas de contenido haciendo clic aquí
_uhttp://www.loc.gov/catdir/enhancements/fy1203/2011041441-t.html
942 _cLIBRO
_a15
_e2
_mB615p
_2NLM
_hQU 4
_n0
999 _c41392
_d41392